Regional report (Record no. 80169)
[ view plain ]
| 000 -LEADER | |
|---|---|
| fixed length control field | 00937cab a22002055a 4500 |
| 001 - CONTROL NUMBER | |
| control field | L143427 |
| 008 - FIXED-LENGTH DATA ELEMENTS--GENERAL INFORMATION | |
| fixed length control field | 080508e20080502xxkd f 000 0 eng d |
| 035 ## - SYSTEM CONTROL NUMBER | |
| System control number | (Sirsi) u143427 |
| 041 0# - LANGUAGE CODE | |
| Language code of text/sound track or separate title | eng |
| 100 1# - MAIN ENTRY--PERSONAL NAME | |
| Personal name | Eade, Christine |
| 245 00 - TITLE STATEMENT | |
| Title | Regional report |
| Remainder of title | South West |
| 260 ## - PUBLICATION, DISTRIBUTION, ETC. | |
| Date of publication, distribution, etc. | 2008 |
| 490 #0 - SERIES STATEMENT | |
| Series statement | Property Week |
| Volume/sequential designation | 73(18) 2 May 2008, 109-121(8) |
| 520 ## - SUMMARY, ETC. | |
| Summary, etc. | Reports on news and deals from around the region, including how a development company is attracting investment to Plymouth. Looks at retail and housing development in St Austell, delays to plans to develop two science parks in the region, proposals to redevelop former metal casting town Hayle. Also reports on how new housing for local people instead of holidaymakers is expected to revive Newquay. |
| 590 ## - LOCAL NOTE (RLIN) | |
| Local note | KA |
| 651 #4 - SUBJECT ADDED ENTRY--GEOGRAPHIC NAME | |
| Geographic name | South West (England) |
| Chronological subdivision | 1994- |
| 690 ## - LOCAL SUBJECT ADDED ENTRY--TOPICAL TERM (OCLC, RLIN) | |
| Topical term or geographic name as entry element | PROPERTY-COMMERCIAL PROPERTY-COMMERCIAL PROPERTY MARKET |
| 700 1# - ADDED ENTRY--PERSONAL NAME | |
| Personal name | Heap, Richard |
| 942 ## - ADDED ENTRY ELEMENTS (KOHA) | |
| Suppress in OPAC | 0 |
| Withdrawn status | Lost status | Source of classification or shelving scheme | Damaged status | Not for loan | Home library | Current library | Shelving location | Date acquired | Total Checkouts | Full call number | Barcode | Date last seen | Copy number | Price effective from | Koha item type |
|---|---|---|---|---|---|---|---|---|---|---|---|---|---|---|---|
| Dewey Decimal Classification | London | London | Journal article | 08/05/2008 | L143427 | 143427-1001 | 06/08/2019 | 1 | 06/08/2019 | Journal article |